| 000 | 00560nam a2200217 a 4500 | ||
|---|---|---|---|
| 008 | |||
| 020 | _a0333133900 (pbk.) | ||
| 049 | _aMAIN | ||
| 090 | _aHG221 | ||
| 100 | 1 | _aConnah, P. | |
| 245 | 1 | 0 |
_aMoney management / _cP. Connah |
| 260 |
_aLondon : _bMacmillan Education, _c1977. |
||
| 300 | _a2nd ed. | ||
| 300 |
_a80 p. : _bill. ; _c22 cm. |
||
| 650 |
_aMoney _xManagement. |
||
| 907 |
_a.b10130822 _b05-09-05 _c15-07-04 |
||
| 003 | |||
| 005 | 20230123133756.0 | ||
| 040 | _cNUST | ||
| 942 |
_cBOOKS _kHG221 |
||
| 999 |
_c154428 _d154428 |
||